Statistics for Images That Start with 'D'πŸ•πŸ¬πŸ‰πŸŽ²πŸ‘—πŸŒΌπŸ©

Click here to take the quiz!

General Stats

  • This quiz has been taken 75 times
  • The average score is 17 of 20

Answer Stats

Answer% Correct
Donut
100%
Donald Duck
97%
Drum
97%
Dalmatian
96%
Devil
96%
Dinosaur
96%
Donkey
96%
Dragon
96%
Dollar
93%
Dominos
92%
Dove
89%
Drill
87%
Dartboard
77%
Denmark
77%
Dachshund
72%
Duckling
72%
Diving Board
68%
Daffodil
63%
Dingo
56%
Didgeridoo
39%

Score Distribution

Percentile by Number Answered

Percent of People with Each Score

Your Score History

You have not taken this quiz